000 00879nam a22003377a 4500
001 BR2015007115
003 BR-BrBNA
005 20230928104750.0
007 ta
008 230509b bl.||||| |||| 00| 0 por d
040 _aBR-BrBNA
_bpor
_cBiblioteca Nacional de Agricultura
041 _a(Por)
072 _aF40
_b3000
_b3530
_b3575
090 _ 3000 BR2015007115
100 1 _aDurigana, G.
100 1 _aFigliolia, M.B.
100 1 _aKawabata, M.
100 1 _aGarrido, M.A. de O.
100 1 _aBaitello, J,B.
245 1 _aSementes e mudas de árvores tropicais
250 1 _a2. ed.
260 3 _aSão Paulo, SP (Brasil):
_c2002.
300 _a65 p.
500 _a14 ref.; Summary (Por); 116 illus
650 _aÁRVORE
650 _aECOLOGIA FLORESTAL
650 _aMUDA
650 _aSEMENTE
909 _a202309
_bLucia
_c55
_dLucia Elande
942 _cBK
999 _c81637
_d81637